20 Smallest Mainland African Nations - Statistics

General Stats
  • This quiz has been taken 67 times
  • The average score is 19 of 20
Answer Stats
Answer % Correct
Eswatini
100%
Rwanda
100%
Benin
98%
Burundi
98%
Djibouti
98%
Lesotho
98%
Senegal
98%
Sierra Leone
98%
Gambia
96%
Guinea
96%
Togo
96%
Eritrea
94%
Ghana
94%
Liberia
94%
Malawi
94%
Equatorial Guinea
91%
Uganda
91%
Guinea Bissau
89%
Tunisia
85%
Gabon
81%
No matching quizzes found
Score Distribution
Percent of People with Each Score
Percentile by Number Answered
Your Score History
You have not taken this quiz